Brindisi Airport Destinations (Brindisi, Italy) - Statistics

General Stats
  • This quiz has been taken 79 times
    39 since last reset
  • The average score is 34 of 43
Answer Stats
Airline Destination % Correct
Aer Lingus/Ryanair Dublin
96%
easyJet London (Gatwick)
96%
British Airlines London (Heathrow)
96%
Ryanair London (Stansted)
96%
ITA Airways Milan (Linate)
96%
easyJet/Neos/Ryanair Milan (Malpensa)
96%
ITA Airways/Ryanair Rome (Fiumicino)
96%
Austrian Airlines Vienna
96%
Swiss International Air Lines Zurich
96%
Brussels Airlines/TUI fly Belgium Brussels
93%
Luxair Luxembourg
93%
easyJet/Transavia Paris (Orly)
93%
easyJet/Swiss International Air Lines Geneva
89%
Ryanair Venice
89%
Neos/Ryanair Verona
89%
Ryanair Bologna
86%
Ryanair Madrid
86%
Ryanair Manchester
86%
Air Dolomiti Munich
86%
Ryanair Palermo
86%
Eurowings Düsseldorf
82%
Ryanair Genoa
82%
Eurowings Stuttgart
82%
DAT Catania
79%
Eurowings Cologne/Bonn
79%
easyJet Lyon
79%
Transavia Rotterdam/The Hague
79%
Ryanair Turin
79%
easyJet Basel/Mulhouse
75%
Smartwings Prague
75%
Ryanair Bergamo
71%
Ryanair Pisa
71%
Ryanair Trieste
71%
SkyAlps Bolzano
68%
Ryanair Charleroi
68%
Ryanair Stockholm (Arlanda)
61%
Ryanair Eindhoven
54%
Ryanair Memmingen
50%
Volotea Nantes
50%
Ryanair Wrocław
50%
Ryanair Beauvais
46%
Ryanair Gdańsk
43%
Ryanair Perugia
39%
No matching quizzes found
Score Distribution
Percent of People with Each Score
Percentile by Number Answered
Your Score History
You have not taken this quiz since the last reset